000 00596nam a22002177a 4500
005 20260418131230.0
008 260418b |||||||| |||| 00| 0 eng d
020 _a9789372129670
_c225
040 _aMAIN
041 _aeng
082 _a338.1
_bROU
100 _aRout, R. K.
_qRajendra Kumar
245 _aAgricultural and Rural Marketing
260 _aLudhiana
_bKalyani Publishers
_c2026
300 _aXii, 220 p. ;
_c20 x 30 cm
505 _aNEP B Com 6th semester
650 _aEconomics
700 _bMandal, Binmay Kumar
700 _bTripathi, Partha Pratyush
942 _2ddc
_cBK
999 _c16373
_d16373